000 00787nas a2200217 a 4500
005 20250415092617.0
007 ta
008 250122e2024 dr m||p|r||||||0| 0|spa d
040 _aDO-SdBNP
_cBNPHU
_erda
041 _hspa
100 _aReyes, Orlando J.R.
_d1963-
_975255
_edirector
245 _aRadar noroestano /
_cOrlando J.R. Reyes.
260 _aSantiago Rodríguez, República Dominicana :
_bProducciones Radar,
_c2024.
300 _avolumen :
_bilustraciones, fotografías ;
_c28 cm.
310 _aMensual.
362 _aAño 27, No. 50. Diciembre 2024.
500 _aUna revista de interés local, regional, nacional e internacional.
650 0 _aEducación
_986908
_vPublicaciones periódicas
650 0 _aTeología
_92174
_vPublicaciones periódicas
942 _2ddc
_cISSUE
999 _c58079
_d58079